| 000 -LEADER |
| fixed length control field |
00654nam a2200205 a 4500 |
| 040 ## - CATALOGING SOURCE |
| Transcribing agency |
DLC |
| 082 ## - DEWEY DECIMAL CLASSIFICATION NUMBER |
| Classification number |
382 THE 1962 A072 Or. |
| 245 00 - TITLE STATEMENT |
| Title |
1960 hydrologic data, Mekong River Basin in Cambodia : |
| Remainder of title |
a report / |
| 260 ## - PUBLICATION, DISTRIBUTION, ETC. (IMPRINT) |
| Place of publication |
[Bangkok] : |
| Name of publisher |
The Committee, |
| Year of publication |
[1962] |
| 300 ## - PHYSICAL DESCRIPTION |
| Number of Pages |
vi, 100 p. : |
| Other physical details |
map ; |
| Dimensions |
29 cm. |
| 500 ## - GENERAL NOTE |
| General note |
Chiefly tables. |
| 500 ## - GENERAL NOTE |
| General note |
English and French. |
| 500 ## - GENERAL NOTE |
| General note |
Spine title: 1960 hydrologic data, Cambodia. |
| 650 #0 - SUBJECT ADDED ENTRY--TOPICAL TERM |
| Topical Term |
Hydrology |
| 650 #0 - SUBJECT ADDED ENTRY--TOPICAL TERM |
| Topical Term |
Hydrology |
| 710 2# - ADDED ENTRY--CORPORATE NAME |
| Corporate name or jurisdiction name as entry element |
Harza Engineering Company. |
| 710 2# - ADDED ENTRY--CORPORATE NAME |
| Corporate name or jurisdiction name as entry element |
Committee for Coordination of Investigations of the Lower Mekong Basin. |
| 710 1# - ADDED ENTRY--CORPORATE NAME |
| Corporate name or jurisdiction name as entry element |
United States. |
| 942 ## - ADDED ENTRY ELEMENTS (KOHA) |
| Koha item type |
សៀវភៅភាសាអង់គ្លេស |
| 952 ## - LOCATION AND ITEM INFORMATION (KOHA) |
| Withdrawn status [LOCAL, KOHA] |
0 |